[Event "Tradewise Gibraltar Masters 16th"]
[Site "Gibraltar"]
[Date "2018.01.27"]
[Round "5.21"]
[White "Batsiashvili, Nino"]
[Black "Sethuraman, SP."]
[Result "1-0"]
[WhiteElo "2504"]
[BlackElo "2646"]
[PlyCount "93"]
[EventDate "2018.01.23"]
[EventType "swiss"]
[EventRounds "10"]
[EventCountry "GGB"]
[SourceTitle "BritBase"]
[Source "www.saund.co.uk"]
[SourceDate "2018.02.10"]
[SourceVersion "1"]
[SourceVersionDate "2018.02.10"]
[SourceQuality "1"]

1. d4 e6 2. c4 d5 3. Nc3 c6 4. Nf3 dxc4 5. e4 b5 6. Be2 Bb7 7. O-O Nf6 8. e5
Nd5 9. Ne4 h6 10. Bd2 Nd7 11. b3 cxb3 12. axb3 a5 13. Re1 Qb6 14. Bd3 c5 15.
Qe2 b4 16. dxc5 Bxc5 17. Rec1 Be7 18. Be3 Nxe3 19. Qxe3 Bd5 20. Qxb6 Nxb6 21.
Bb5+ Kd8 22. Nd6 Bxd6 23. exd6 Bxf3 24. gxf3 Nd5 25. Bc6 Rc8 26. Rc5 Rxc6 27.
Rxc6 Kd7 28. Ra6 Rc8 29. h4 Rc5 30. R1xa5 Rxa5 31. Rxa5 Kxd6 32. Ra7 g5 33.
hxg5 hxg5 34. Rxf7 Ke5 35. Rf8 Nf4 36. Rb8 Nd3 37. Rc8 Ne1 38. Rc4 Nxf3+ 39.
Kh1 Ne1 40. Rxb4 Nd3 41. Rb5+ Kd4 42. Kg2 e5 43. Rb8 Kc3 44. f3 Nb4 45. Rb5 Nd3
46. Kg3 Kd4 47. Rb8 1-0

[Event "Tradewise Gibraltar Masters 16th"]
[Site "Gibraltar"]
[Date "2018.01.27"]
[Round "5.22"]
[White "Edouard, Romain"]
[Black "Gagare, Shardul"]
[Result "0-1"]
[WhiteElo "2613"]
[BlackElo "2494"]
[PlyCount "44"]
[EventDate "2018.01.23"]
[EventType "swiss"]
[EventRounds "10"]
[EventCountry "GGB"]
[SourceTitle "BritBase"]
[Source "www.saund.co.uk"]
[SourceDate "2018.02.10"]
[SourceVersion "1"]
[SourceVersionDate "2018.02.10"]
[SourceQuality "1"]

1. c4 Nf6 2. Nf3 c6 3. g3 d5 4. Bg2 Bf5 5. O-O e6 6. Qb3 Qb6 7. d3 Na6 8. Qc2
Nb4 9. Qc3 a5 10. a3 Na6 11. cxd5 cxd5 12. Be3 Bc5 13. Bxc5 Nxc5 14. Nbd2 O-O
15. Rfc1 Nfd7 16. Qd4 a4 17. Rc2 Ra5 18. Rac1 h6 19. Qb4 Rb5 20. Qc3 Nb3 21.
Qc7 Qxc7 22. Rxc7 Nxc1 0-1

[Event "Tradewise Gibraltar Masters 16th"]
[Site "Gibraltar"]
[Date "2018.01.27"]
[Round "5.23"]
[White "Gunina, Valentina"]
[Black "Gupta, Abhijeet"]
[Result "0-1"]
[WhiteElo "2502"]
[BlackElo "2610"]
[PlyCount "74"]
[EventDate "2018.01.23"]
[EventType "swiss"]
[EventRounds "10"]
[EventCountry "GGB"]
[SourceTitle "BritBase"]
[Source "www.saund.co.uk"]
[SourceDate "2018.02.10"]
[SourceVersion "1"]
[SourceVersionDate "2018.02.10"]
[SourceQuality "1"]

1. e4 e6 2. d4 d5 3. exd5 exd5 4. Nf3 Nf6 5. Bd3 c5 6. dxc5 Bxc5 7. O-O O-O 8.
Bg5 h6 9. Bh4 g5 10. Bg3 Ne4 11. Nbd2 f5 12. Bxb8 Rxb8 13. Nb3 Bb6 14. Nfd4 Qf6
15. c3 Bd7 16. Qc2 Rbe8 17. Rad1 Bc8 18. Kh1 a6 19. Be2 Kh8 20. Bh5 Re7 21.
Rde1 Bc7 22. f3 Qd6 23. f4 gxf4 24. Nc1 Qf6 25. Nd3 Qh4 26. Bf3 Bd7 27. Kg1 Bb5
28. a4 Bc4 29. Rd1 Bb6 30. b3 Bxd3 31. Rxd3 Rc8 32. Qb2 Kh7 33. h3 Rxc3 34.
Bxe4 dxe4 35. Rd2 Rd3 36. Rxd3 exd3 37. Kh1 Re1 0-1

[Event "Tradewise Gibraltar Masters 16th"]
[Site "Gibraltar"]
[Date "2018.01.27"]
[Round "5.24"]
[White "Vocaturo, Daniele"]
[Black "Prasanna, Raghuram Rao"]
[Result "1-0"]
[WhiteElo "2609"]
[BlackElo "2458"]
[PlyCount "125"]
[EventDate "2018.01.23"]
[EventType "swiss"]
[EventRounds "10"]
[EventCountry "GGB"]
[SourceTitle "BritBase"]
[Source "www.saund.co.uk"]
[SourceDate "2018.02.10"]
[SourceVersion "1"]
[SourceVersionDate "2018.02.10"]
[SourceQuality "1"]

1. e4 e5 2. Nf3 Nc6 3. Bc4 Nf6 4. d3 Bc5 5. c3 d6 6. Bb3 a6 7. h3 Ba7 8. Nbd2
O-O 9. O-O Nh5 10. Nc4 Qf6 11. Ne3 Nf4 12. Nd5 Nxd5 13. exd5 Nd8 14. d4 e4 15.
Nh2 Qg6 16. Kh1 c5 17. Be3 f5 18. f4 Nf7 19. a4 Bd7 20. a5 Qf6 21. dxc5 Bxc5
22. Qd2 Rac8 23. Rfc1 Bxe3 24. Qxe3 Rc5 25. Nf1 Qd8 26. Ba2 Rxa5 27. Nd2 Rc5
28. b4 Rc7 29. c4 g5 30. g3 gxf4 31. gxf4 Qf6 32. Nb3 Nh6 33. Nd4 Kh8 34. c5
Rg8 35. Rg1 Ng4 36. Qc3 a5 37. c6 bxc6 38. hxg4 axb4 39. g5 Qf7 40. Qb2 Qh5+
41. Qh2 Qxh2+ 42. Kxh2 c5 43. Nc6 h6 44. gxh6 Rxg1 45. Rxg1 Bxc6 46. dxc6 Rxc6
47. Bd5 Rc7 48. Rg5 e3 49. Kg2 c4 50. Rg8+ Kh7 51. Rg7+ Rxg7+ 52. hxg7 Kxg7 53.
Bxc4 Kg6 54. Kf3 Kh5 55. Kxe3 Kh4 56. Kf3 Kh5 57. Be6 Kg6 58. Ke3 Kf6 59. Bb3
Kg6 60. Bd1 Kf6 61. Kd4 Ke6 62. Bb3+ Kf6 63. Kd5 1-0

[Event "Tradewise Gibraltar Masters 16th"]
[Site "Gibraltar"]
[Date "2018.01.27"]
[Round "5.25"]
[White "Christiansen, Johan-Sebastian"]
[Black "Oparin, Grigoriy"]
[Result "1/2-1/2"]
[WhiteElo "2492"]
[BlackElo "2607"]
[PlyCount "60"]
[EventDate "2018.01.23"]
[EventType "swiss"]
[EventRounds "10"]
[EventCountry "GGB"]
[SourceTitle "BritBase"]
[Source "www.saund.co.uk"]
[SourceDate "2018.02.10"]
[SourceVersion "1"]
[SourceVersionDate "2018.02.10"]
[SourceQuality "1"]

1. e4 c5 2. Nf3 Nc6 3. Bb5 g6 4. Bxc6 bxc6 5. O-O Bg7 6. d3 e5 7. b4 cxb4 8. a3
b3 9. cxb3 d6 10. Bb2 Nf6 11. Qc2 Bb7 12. Nbd2 O-O 13. Nc4 c5 14. b4 cxb4 15.
axb4 d5 16. Na5 Rc8 17. Nxb7 Rxc2 18. Nxd8 Rxb2 19. Nc6 dxe4 20. dxe4 Nxe4 21.
Nfxe5 Bxe5 22. Nxe5 Rxb4 23. Rxa7 Rb5 24. Re7 Nf6 25. Nd7 Nxd7 26. Rxd7 h5 27.
h4 Rfb8 28. g3 R8b7 29. Rxb7 Rxb7 30. Kg2 Kg7 1/2-1/2

[Event "Tradewise Gibraltar Masters 16th"]
[Site "Gibraltar"]
[Date "2018.01.27"]
[Round "5.26"]
[White "Papp, Gabor"]
[Black "Henderson De La Fuente, Lance"]
[Result "0-1"]
[WhiteElo "2607"]
[BlackElo "2429"]
[PlyCount "76"]
[EventDate "2018.01.23"]
[EventType "swiss"]
[EventRounds "10"]
[EventCountry "GGB"]
[SourceTitle "BritBase"]
[Source "www.saund.co.uk"]
[SourceDate "2018.02.10"]
[SourceVersion "1"]
[SourceVersionDate "2018.02.10"]
[SourceQuality "1"]

1. d4 Nf6 2. c4 e6 3. Nf3 b6 4. a3 Bb7 5. Nc3 d5 6. cxd5 Nxd5 7. Qc2 Nxc3 8.
bxc3 Be7 9. e4 O-O 10. Bd3 c5 11. O-O Qc7 12. Qe2 Nd7 13. a4 Rac8 14. Bd2 Rfd8
15. Rfb1 e5 16. d5 c4 17. Bc2 Ba6 18. Be3 Nc5 19. Nd2 Nd3 20. Nf1 g6 21. Bd2
Bc5 22. Be3 Be7 23. Bd2 Bc5 24. Ne3 Rf8 25. Rf1 Kh8 26. Qg4 Rce8 27. Bxd3 cxd3
28. Rae1 f5 29. exf5 gxf5 30. Qh5 Qf7 31. Qh4 Qf6 32. Qh5 Qg6 33. Qxg6 hxg6 34.
g3 g5 35. a5 f4 36. Ng4 e4 37. axb6 axb6 38. h4 Bc8 0-1

[Event "Tradewise Gibraltar Masters 16th"]
[Site "Gibraltar"]
[Date "2018.01.27"]
[Round "5.27"]
[White "Saduakassova, Dinara"]
[Black "Bindrich, Falko"]
[Result "1/2-1/2"]
[WhiteElo "2470"]
[BlackElo "2605"]
[PlyCount "60"]
[EventDate "2018.01.23"]
[EventType "swiss"]
[EventRounds "10"]
[EventCountry "GGB"]
[SourceTitle "BritBase"]
[Source "www.saund.co.uk"]
[SourceDate "2018.02.10"]
[SourceVersion "1"]
[SourceVersionDate "2018.02.10"]
[SourceQuality "1"]

1. d4 d5 2. c4 e6 3. Nc3 Nf6 4. cxd5 exd5 5. Bg5 c6 6. e3 Be7 7. Bd3 Nbd7 8. h3
O-O 9. Qc2 Re8 10. Nf3 Nf8 11. O-O g6 12. Bf4 Ne6 13. Be5 Ng7 14. Rab1 Bf5 15.
b4 Rc8 16. Rfd1 a6 17. Na4 Bd6 18. Nc5 Rc7 19. a4 Bxd3 20. Qxd3 Bxe5 21. Nxe5
Ne6 22. Rdc1 Qd6 23. Qd2 Kg7 24. Ned3 Rec8 25. b5 cxb5 26. axb5 Ne4 27. Qb2
axb5 28. Qxb5 N6xc5 29. dxc5 Nxc5 30. Nxc5 Rxc5 1/2-1/2

[Event "Tradewise Gibraltar Masters 16th"]
[Site "Gibraltar"]
[Date "2018.01.27"]
[Round "5.28"]
[White "Dragnev, Valentin"]
[Black "Gopal, Geetha Narayanan"]
[Result "1/2-1/2"]
[WhiteElo "2466"]
[BlackElo "2593"]
[PlyCount "154"]
[EventDate "2018.01.23"]
[EventType "swiss"]
[EventRounds "10"]
[EventCountry "GGB"]
[SourceTitle "BritBase"]
[Source "www.saund.co.uk"]
[SourceDate "2018.02.10"]
[SourceVersion "1"]
[SourceVersionDate "2018.02.10"]
[SourceQuality "1"]

1. d4 Nf6 2. c4 g6 3. Nc3 d5 4. Nf3 Bg7 5. h4 dxc4 6. e4 c5 7. d5 b5 8. h5 Nxh5
9. Nxb5 Bg4 10. Bxc4 O-O 11. Qc2 a6 12. Nc3 Bxf3 13. gxf3 Qd6 14. Ne2 Nd7 15.
f4 Nb6 16. e5 Qd7 17. Be3 Nxc4 18. Qxc4 Rfb8 19. b3 Rb4 20. Qxc5 Rb5 21. Qc6
Qxd5 22. Rc1 h6 23. Nd4 Qxc6 24. Nxc6 e6 25. Ke2 Rb7 26. Rc4 Bf8 27. b4 Ng7 28.
a4 Nf5 29. Rb1 h5 30. Kf3 Kg7 31. b5 axb5 32. axb5 Ra3 33. Nd8 Rb8 34. Nc6 Rb7
35. Ke4 h4 36. Ba7 h3 37. b6 h2 38. Rh1 Rb3 39. Rxh2 R3xb6 40. Bxb6 Rxb6 41.
Nd4 Nxd4 42. Kxd4 Rb2 43. Rc8 Re2 44. Rc1 Kg8 45. Kd3 Ra2 46. Ke4 Ra4+ 47. Kf3
Ra3+ 48. Kg4 Ra2 49. Rg2 Rb2 50. Rc8 Kg7 51. Re8 Bc5 52. Rh2 Rxf2 53. Rhh8 f5+
54. Kg3 Be3 55. Reg8+ Kf7 56. Rc8 Kg7 57. Rhg8+ Kh7 58. Rge8 Rxf4 59. Rxe6 Re4
60. Re7+ Kh6 61. e6 Kg5 62. Rg8 Bc5 63. Ree8 Kf6 64. Rh8 Be7 65. Kf3 Rxe6 66.
Rh2 Ra6 67. Re2 Ra7 68. Rb8 g5 69. Rb6+ Kf7 70. Re5 Ra3+ 71. Kg2 Ra2+ 72. Kf1
Ra1+ 73. Kg2 Ra2+ 74. Kf1 Ra1+ 75. Ke2 Ra2+ 76. Kd1 Ra1+ 77. Kc2 Ra2+ 1/2-1/2

[Event "Tradewise Gibraltar Masters 16th"]
[Site "Gibraltar"]
[Date "2018.01.27"]
[Round "5.29"]
[White "Venkatesh, Marani Rajendran"]
[Black "Buhmann, Rainer"]
[Result "1/2-1/2"]
[WhiteElo "2445"]
[BlackElo "2587"]
[PlyCount "96"]
[EventDate "2018.01.23"]
[EventType "swiss"]
[EventRounds "10"]
[EventCountry "GGB"]
[SourceTitle "BritBase"]
[Source "www.saund.co.uk"]
[SourceDate "2018.02.10"]
[SourceVersion "1"]
[SourceVersionDate "2018.02.10"]
[SourceQuality "1"]

1. e4 e6 2. d4 d5 3. Nd2 c5 4. exd5 Qxd5 5. Ngf3 cxd4 6. Bc4 Qd6 7. O-O Nf6 8.
Nb3 Nc6 9. Nbxd4 Nxd4 10. Nxd4 Be7 11. b3 O-O 12. Bb2 Qf4 13. Qe2 a6 14. Rad1
Re8 15. a4 Bd7 16. Nf3 Bc6 17. Ne5 Qe4 18. Nxc6 Qxc6 19. h3 Rad8 20. Rxd8 Rxd8
21. Rd1 Rxd1+ 22. Qxd1 Ne4 23. Qg4 Bf6 24. Qf4 Qc8 25. Be5 Bxe5 26. Qxe5 Nf6
27. Be2 h6 28. c4 Nd7 29. Qd6 Nc5 30. Qb6 Nd7 31. Qd6 Nc5 32. Qb6 Nd7 33. Qb4
Ne5 34. Qd6 f6 35. f4 Nc6 36. Bg4 Kf7 37. c5 g6 38. Kf2 Ne7 39. b4 h5 40. Bf3
h4 41. Kg1 Qe8 42. Qd1 Qb8 43. Qd4 Qc7 44. b5 axb5 45. axb5 Qa5 46. b6 Nf5 47.
Qd7+ Ne7 48. Qxb7 Qe1+ 1/2-1/2

[Event "Tradewise Gibraltar Masters 16th"]
[Site "Gibraltar"]
[Date "2018.01.27"]
[Round "5.30"]
[White "Sandipan, Chanda"]
[Black "Sukandar, Irine Kharisma"]
[Result "1-0"]
[WhiteElo "2579"]
[BlackElo "2387"]
[PlyCount "97"]
[EventDate "2018.01.23"]
[EventType "swiss"]
[EventRounds "10"]
[EventCountry "GGB"]
[SourceTitle "BritBase"]
[Source "www.saund.co.uk"]
[SourceDate "2018.02.10"]
[SourceVersion "1"]
[SourceVersionDate "2018.02.10"]
[SourceQuality "1"]

1. d4 Nf6 2. c4 e6 3. Nc3 Bb4 4. e3 O-O 5. Bd2 d5 6. Nf3 b6 7. cxd5 exd5 8. Rc1
Re8 9. Bd3 c5 10. Nb1 Bxd2+ 11. Nbxd2 Bg4 12. h3 Bxf3 13. Nxf3 c4 14. Bb1 Nbd7
15. O-O b5 16. Nd2 a5 17. Qf3 Ra6 18. g4 Nf8 19. g5 Ne4 20. Nxe4 dxe4 21. Qf5
h6 22. Bxe4 Rg6 23. h4 hxg5 24. Qg4 Rh6 25. Qxg5 Qd6 26. Bg2 Ree6 27. h5 Qb4
28. b3 cxb3 29. axb3 a4 30. bxa4 bxa4 31. Rc8 a3 32. Qc5 Qxc5 33. dxc5 Rxh5 34.
c6 Rc5 35. Ra1 Rc3 36. Ra8 g6 37. R8xa3 Rexc6 38. Bxc6 Rxc6 39. Ra6 Rc5 40.
R1a5 Rc1+ 41. Kg2 Ne6 42. Ra7 Rc2 43. Rb7 Kg7 44. Raa7 Ng5 45. Re7 Kh6 46. Kg3
f5 47. f3 Rc6 48. Re8 Ne6 49. Rf7 1-0

[Event "Tradewise Gibraltar Masters 16th"]
[Site "Gibraltar"]
[Date "2018.01.27"]
[Round "5.31"]
[White "Erenberg, Ariel"]
[Black "Narayanan, SL."]
[Result "0-1"]
[WhiteElo "2382"]
[BlackElo "2573"]
[PlyCount "84"]
[EventDate "2018.01.23"]
[EventType "swiss"]
[EventRounds "10"]
[EventCountry "GGB"]
[SourceTitle "BritBase"]
[Source "www.saund.co.uk"]
[SourceDate "2018.02.10"]
[SourceVersion "1"]
[SourceVersionDate "2018.02.10"]
[SourceQuality "1"]

1. d4 Nf6 2. Nf3 d5 3. c4 e6 4. Nc3 c6 5. Bg5 h6 6. Bxf6 Qxf6 7. e3 g6 8. Be2
Bg7 9. O-O dxc4 10. e4 Nd7 11. e5 Qe7 12. Ne4 O-O 13. Qc2 b5 14. Nd6 c5 15. Qe4
Rb8 16. b3 cxd4 17. Qxd4 Bb7 18. Nxb7 Rxb7 19. bxc4 b4 20. Rfe1 a5 21. Qe4 Nc5
22. Qe3 Na4 23. Nd4 Rc7 24. a3 Nc3 25. Bf1 Rd8 26. Nb3 a4 27. Nd4 Qc5 28. Nf3
Qxe3 29. Rxe3 Bf8 30. axb4 Bxb4 31. Ne1 Rd1 32. Nc2 Rxa1 33. Nxa1 a3 34. Rd3 a2
35. Rd8+ Kg7 36. g3 Ba3 37. Ra8 Bb2 38. Nc2 Rd7 39. c5 Rd2 40. c6 Rxc2 41. c7
Ne2+ 42. Bxe2 a1=Q+ 0-1

[Event "Tradewise Gibraltar Masters 16th"]
[Site "Gibraltar"]
[Date "2018.01.27"]
[Round "5.32"]
[White "Lazarne Vajda, Szidonia"]
[Black "Ju, Wenjun"]
[Result "0-1"]
[WhiteElo "2362"]
[BlackElo "2572"]
[PlyCount "70"]
[EventDate "2018.01.23"]
[EventType "swiss"]
[EventRounds "10"]
[EventCountry "GGB"]
[SourceTitle "BritBase"]
[Source "www.saund.co.uk"]
[SourceDate "2018.02.10"]
[SourceVersion "1"]
[SourceVersionDate "2018.02.10"]
[SourceQuality "1"]

1. d4 Nf6 2. Nf3 d5 3. g3 c5 4. Bg2 cxd4 5. Bf4 g6 6. Bxb8 Qa5+ 7. Nbd2 Rxb8 8.
O-O Bg7 9. Nb3 Qc7 10. Nbxd4 O-O 11. c3 a6 12. Nc2 Rd8 13. Ne3 b5 14. Ne1 e6
15. Nd3 Bd7 16. h3 a5 17. Nc2 Ne4 18. e3 h5 19. a3 e5 20. Kh2 Bf5 21. f4 Nxc3
22. bxc3 Qxc3 23. Nde1 b4 24. axb4 axb4 25. fxe5 b3 26. Nd4 b2 27. Rb1 Bxb1 28.
Qxb1 Bxe5 29. Nef3 Bxd4 30. Nxd4 Rd7 31. Nc2 Rc7 32. Ne1 Qd2 33. Nd3 Rc3 34.
Nf4 Rc1 35. Rxc1 Qxc1 0-1

[Event "Tradewise Gibraltar Masters 16th"]
[Site "Gibraltar"]
[Date "2018.01.27"]
[Round "5.33"]
[White "Muzychuk, Anna"]
[Black "Prithu, Gupta"]
[Result "1/2-1/2"]
[WhiteElo "2571"]
[BlackElo "2373"]
[PlyCount "81"]
[EventDate "2018.01.23"]
[EventType "swiss"]
[EventRounds "10"]
[EventCountry "GGB"]
[SourceTitle "BritBase"]
[Source "www.saund.co.uk"]
[SourceDate "2018.02.10"]
[SourceVersion "1"]
[SourceVersionDate "2018.02.10"]
[SourceQuality "1"]

1. e4 c5 2. Nf3 d6 3. d4 cxd4 4. Nxd4 Nf6 5. Nc3 a6 6. g3 e5 7. Nf3 b5 8. Bg2
Bb7 9. O-O Nbd7 10. Re1 Be7 11. a3 O-O 12. Bg5 Rc8 13. Nd2 h6 14. Bxf6 Nxf6 15.
Nf1 Qb6 16. Ne3 Rfd8 17. Re2 Bf8 18. Ncd5 Nxd5 19. Nxd5 Bxd5 20. Qxd5 Qd4 21.
Qxd4 exd4 22. Rd1 Rc4 23. b3 Rc3 24. Rxd4 Rdc8 25. Bh3 R8c5 26. a4 Rxc2 27.
Rxc2 Rxc2 28. axb5 axb5 29. Bf1 Rb2 30. Rb4 d5 31. Rxb5 dxe4 32. Bc4 g6 33. Rb7
Bc5 34. Rxf7 Kh8 35. Rf6 Kg7 36. Rf7+ Kh8 37. h4 Rb1+ 38. Kg2 Rb2 39. Kf1 Rb1+
40. Kg2 Rb2 41. Kf1 1/2-1/2

[Event "Tradewise Gibraltar Masters 16th"]
[Site "Gibraltar"]
[Date "2018.01.27"]
[Round "5.34"]
[White "Motylev, Alexander"]
[Black "Gavrilescu, David"]
[Result "1-0"]
[WhiteElo "2673"]
[BlackElo "2437"]
[PlyCount "113"]
[EventDate "2018.01.23"]
[EventType "swiss"]
[EventRounds "10"]
[EventCountry "GGB"]
[SourceTitle "BritBase"]
[Source "www.saund.co.uk"]
[SourceDate "2018.02.10"]
[SourceVersion "1"]
[SourceVersionDate "2018.02.10"]
[SourceQuality "1"]

1. e4 c5 2. Nf3 e6 3. d4 cxd4 4. Nxd4 a6 5. c4 Nf6 6. Nc3 Qc7 7. Be2 Bb4 8. Qd3
Nc6 9. Nxc6 dxc6 10. O-O O-O 11. Bg5 Bxc3 12. bxc3 Qe5 13. f4 Qxe4 14. Qg3 Qf5
15. Qh4 Ne4 16. Be7 Re8 17. Bd3 f6 18. Bd6 Rd8 19. c5 h6 20. Rad1 Qd5 21. Bb1
Qc4 22. Rd4 Nxd6 23. Rxc4 Nxc4 24. Qg3 Nd2 25. Rd1 Rd5 26. Bc2 Bd7 27. Qe1 Nc4
28. Bb3 Nb2 29. Rxd5 cxd5 30. Qb1 Rc8 31. Qxb2 Rxc5 32. Qd2 a5 33. f5 Kf7 34.
fxe6+ Bxe6 35. Qd4 b6 36. h3 h5 37. Bd1 g6 38. Bf3 Rb5 39. Kh2 Rc5 40. Kg3 Kg7
41. Qe3 Bf7 42. h4 a4 43. a3 Rc4 44. Kh3 Rc5 45. Kh2 Rc4 46. Qe7 Rc5 47. Kg1
Rb5 48. Kf2 Rb2+ 49. Ke1 Rb5 50. Kd2 Rb2+ 51. Kc1 Rb5 52. Qd7 Rc5 53. Kd2 Ra5
54. Qc6 Rc5 55. Qxb6 Rc4 56. Qa7 Kg8 57. Qxf7+ 1-0

[Event "Tradewise Gibraltar Masters 16th"]
[Site "Gibraltar"]
[Date "2018.01.27"]
[Round "5.35"]
[White "Tarjan, James"]
[Black "Donchenko, Alexander"]
[Result "1/2-1/2"]
[WhiteElo "2432"]
[BlackElo "2580"]
[PlyCount "97"]
[EventDate "2018.01.23"]
[EventType "swiss"]
[EventRounds "10"]
[EventCountry "GGB"]
[SourceTitle "BritBase"]
[Source "www.saund.co.uk"]
[SourceDate "2018.02.10"]
[SourceVersion "1"]
[SourceVersionDate "2018.02.10"]
[SourceQuality "1"]

1. c4 b6 2. d4 Bb7 3. Nc3 e6 4. e4 Bb4 5. f3 f5 6. exf5 Nh6 7. fxe6 Nf5 8. Bf4
dxe6 9. Qd3 Nxd4 10. O-O-O Nbc6 11. Nge2 Bc5 12. Nxd4 Bxd4 13. Nb5 Qf6 14. Nxd4
Qxf4+ 15. Qd2 Qxd2+ 16. Rxd2 Nxd4 17. Rxd4 Rd8 18. Rxd8+ Kxd8 19. Bd3 Ke7 20.
Re1 h6 21. Be4 Ba6 22. b3 Rd8 23. Rd1 Rd6 24. Rxd6 Kxd6 25. Kd2 Kc5 26. Kc3 Bc8
27. f4 Kd6 28. Kd4 c5+ 29. Ke3 e5 30. h4 Bg4 31. g3 Ke6 32. Bd3 Kf6 33. Be4 Be6
34. Kf3 a5 35. a4 exf4 36. Kxf4 g5+ 37. hxg5+ hxg5+ 38. Ke3 Ke5 39. Bc6 Bf5 40.
Kd2 Be4 41. Bd7 Bb1 42. Bc8 Kd4 43. Bd7 Ke4 44. Bc6+ Kf5 45. Bd7+ Ke5 46. Bc8
Bf5 47. Bxf5 Kxf5 48. Ke3 g4 49. Kd3 1/2-1/2

[Event "Tradewise Gibraltar Masters 16th"]
[Site "Gibraltar"]
[Date "2018.01.27"]
[Round "5.36"]
[White "Swayams, Mishra"]
[Black "Ibarra Jerez, Jose Carlos"]
[Result "1/2-1/2"]
[WhiteElo "2432"]
[BlackElo "2577"]
[PlyCount "47"]
[EventDate "2018.01.23"]
[EventType "swiss"]
[EventRounds "10"]
[EventCountry "GGB"]
[SourceTitle "BritBase"]
[Source "www.saund.co.uk"]
[SourceDate "2018.02.10"]
[SourceVersion "1"]
[SourceVersionDate "2018.02.10"]
[SourceQuality "1"]

1. d4 d5 2. Nf3 e6 3. Bf4 c5 4. c3 Nc6 5. e3 Nf6 6. Nbd2 cxd4 7. exd4 Nh5 8.
Be3 Bd6 9. Ne5 g6 10. g4 Ng7 11. h4 h5 12. Bg5 Qb6 13. Bf6 Rg8 14. Nb3 hxg4 15.
Nxg4 Nh5 16. Bg5 a5 17. a4 Rf8 18. Bb5 Qc7 19. Nf6+ Nxf6 20. Bxf6 Be7 21. Be5
Bd6 22. Bf6 Be7 23. Be5 Bd6 24. Bf6 1/2-1/2

[Event "Tradewise Gibraltar Masters 16th"]
[Site "Gibraltar"]
[Date "2018.01.27"]
[Round "5.37"]
[White "Gaehwiler, Gabriel"]
[Black "Lagno, Kateryna"]
[Result "1/2-1/2"]
[WhiteElo "2428"]
[BlackElo "2556"]
[PlyCount "61"]
[EventDate "2018.01.23"]
[EventType "swiss"]
[EventRounds "10"]
[EventCountry "GGB"]
[SourceTitle "BritBase"]
[Source "www.saund.co.uk"]
[SourceDate "2018.02.10"]
[SourceVersion "1"]
[SourceVersionDate "2018.02.10"]
[SourceQuality "1"]

1. d4 Nf6 2. c4 g6 3. Nc3 Bg7 4. e4 d6 5. Be2 O-O 6. Be3 c5 7. e5 Ne8 8. dxc5
Bxe5 9. Nf3 Bg7 10. O-O Nc6 11. Nd4 Ne5 12. cxd6 Nxd6 13. Qb3 Ng4 14. Bxg4 Bxg4
15. h3 e5 16. Ndb5 Nxb5 17. Qxb5 Be6 18. Qxb7 Bxc4 19. Rfd1 Qc8 20. Qxc8 Rfxc8
21. Rac1 e4 22. Nxe4 Bxa2 23. Rxc8+ Rxc8 24. Bxa7 Bxb2 25. Bb6 Be6 26. Rd8+
Rxd8 27. Bxd8 Kg7 28. Ba5 h6 29. Bc3+ Bxc3 30. Nxc3 g5 31. f3 1/2-1/2

[Event "Tradewise Gibraltar Masters 16th"]
[Site "Gibraltar"]
[Date "2018.01.27"]
[Round "5.38"]
[White "Ladron De Guevara Pinto, Paolo"]
[Black "Vasquez Schroeder, Rodrigo"]
[Result "1/2-1/2"]
[WhiteElo "2427"]
[BlackElo "2554"]
[PlyCount "89"]
[EventDate "2018.01.23"]
[EventType "swiss"]
[EventRounds "10"]
[EventCountry "GGB"]
[SourceTitle "BritBase"]
[Source "www.saund.co.uk"]
[SourceDate "2018.02.10"]
[SourceVersion "1"]
[SourceVersionDate "2018.02.10"]
[SourceQuality "1"]

1. e4 c5 2. Nf3 d6 3. d4 cxd4 4. Nxd4 Nf6 5. Nc3 a6 6. h3 e6 7. g4 h6 8. Bg2
Be7 9. Be3 Nc6 10. Qe2 Nxd4 11. Bxd4 e5 12. Be3 b5 13. O-O-O b4 14. Nd5 Nxd5
15. exd5 O-O 16. Be4 Bh4 17. Rhg1 Bg5 18. Kb1 a5 19. Qd2 Bxe3 20. fxe3 f5 21.
gxf5 Bxf5 22. Qg2 Ra7 23. Bxf5 Rxf5 24. Rdf1 Rg5 25. Qf3 Rxg1 26. Rxg1 Rf7 27.
Qg4 Qf8 28. b3 Rf3 29. e4 Rf4 30. Qg2 Qf6 31. Kb2 Rf2 32. Qg4 Kh7 33. Kb1 Rf4
34. Qg2 h5 35. Kb2 Kh6 36. Qe2 g5 37. Re1 Rf3 38. a3 h4 39. axb4 axb4 40. Qa6
Qf8 41. Rh1 Rf4 42. Qc4 Qb8 43. Qc6 Qf8 44. Qc4 Qb8 45. Qc6 1/2-1/2

[Event "Tradewise Gibraltar Masters 16th"]
[Site "Gibraltar"]
[Date "2018.01.27"]
[Round "5.39"]
[White "Michalik, Peter"]
[Black "Sonis, Francesco"]
[Result "1/2-1/2"]
[WhiteElo "2553"]
[BlackElo "2425"]
[PlyCount "70"]
[EventDate "2018.01.23"]
[EventType "swiss"]
[EventRounds "10"]
[EventCountry "GGB"]
[SourceTitle "BritBase"]
[Source "www.saund.co.uk"]
[SourceDate "2018.02.10"]
[SourceVersion "1"]
[SourceVersionDate "2018.02.10"]
[SourceQuality "1"]

1. d4 Nf6 2. c4 e6 3. Nf3 d5 4. Nc3 Be7 5. Bg5 h6 6. Bh4 b6 7. e3 O-O 8. cxd5
Nxd5 9. Bxe7 Qxe7 10. Nxd5 exd5 11. Be2 Bb7 12. O-O Nd7 13. Qa4 c5 14. Ba6 Nf6
15. Rac1 Rac8 16. Rc2 Ne4 17. Bxb7 Qxb7 18. dxc5 bxc5 19. Nd2 Rfe8 20. Qb3 Qb4
21. Qxb4 cxb4 22. Rfc1 Rxc2 23. Rxc2 Nxd2 24. Rxd2 Rc8 25. g4 Rc5 26. Kf1 Kf8
27. Ke2 Ke7 28. Kd3 Kd6 29. Rc2 g6 30. Rxc5 Kxc5 31. h4 f5 32. gxf5 gxf5 33. h5
a6 34. b3 a5 35. f4 Kc6 1/2-1/2

[Event "Tradewise Gibraltar Masters 16th"]
[Site "Gibraltar"]
[Date "2018.01.27"]
[Round "5.40"]
[White "Muzychuk, Mariya"]
[Black "Kozak, Adam"]
[Result "1-0"]
[WhiteElo "2540"]
[BlackElo "2418"]
[PlyCount "129"]
[EventDate "2018.01.23"]
[EventType "swiss"]
[EventRounds "10"]
[EventCountry "GGB"]
[SourceTitle "BritBase"]
[Source "www.saund.co.uk"]
[SourceDate "2018.02.10"]
[SourceVersion "1"]
[SourceVersionDate "2018.02.10"]
[SourceQuality "1"]

1. d4 Nf6 2. c4 e6 3. Nf3 d5 4. g3 Bb4+ 5. Bd2 Be7 6. Bg2 O-O 7. O-O Nbd7 8.
Qc2 c6 9. Rd1 b6 10. Bf4 Bb7 11. Ne5 Nh5 12. Bd2 Nhf6 13. cxd5 cxd5 14. Nc6
Bxc6 15. Qxc6 Qb8 16. Qb5 a6 17. Qd3 b5 18. Bf4 Bd6 19. Bxd6 Qxd6 20. Nd2 Nb6
21. e4 Qe7 22. e5 Nfd7 23. Rdc1 Rac8 24. a3 Nc4 25. Rc2 g6 26. f4 Ndb6 27. Nf3
Nd7 28. h4 Ncb6 29. Rf2 Rc7 30. Bh3 Rfc8 31. Kg2 Rc1 32. Rxc1 Rxc1 33. g4 f5
34. exf6 Nxf6 35. Ng5 Ne4 36. Nxe4 dxe4 37. Qxe4 Qd7 38. f5 exf5 39. gxf5 Qc6
40. Qxc6 Rxc6 41. Kf3 Kf7 42. Ke4 Ke7 43. fxg6 hxg6 44. Ke5 Rc1 45. Bg2 Nd7+
46. Kf4 Rd1 47. Re2+ Kf6 48. Ke4 Nb6 49. b3 Ke7 50. Re3 a5 51. Rc3 Re1+ 52. Kf4
Nd7 53. Rc7 Kd6 54. Rc6+ Ke7 55. Rxg6 Rd1 56. d5 Nf8 57. Rb6 Rd4+ 58. Be4 Nd7
59. Re6+ Kf7 60. Ke3 Rd1 61. Ke2 Rd4 62. h5 Nc5 63. Bg6+ Kg7 64. Rc6 Nxb3 65.
h6+ 1-0